000 004650000a22001810004500
003 LK-CoMWRAF
008 230817t ||||| |||| 00| 0 eng d
040 _aLK-CoMWRAF
_dLK-CoMWRAF
_eLK-CoMWRAF
041 _aeng
082 _a302
_bPUS
100 _aPushparani, Martha
245 _aOrganisational development of NGOs in India from a gender perspective
_b
260 _aMadras
_bIWID
_c1992
300 _ap.10
650 _ango
650 _aWomen
942 _cBK
999 _c2738
_d2738